000
00309nam a2200121Ia 4500
008
191201s2012 xx 000 0 und d
100
_a
GULIA, Yashpal
245
0
_a
Haryana ka Riyasati Itihas
260
_a
N. Delhi
_b
Haryana Granth Academy
_c
2012
300
_a
189
650
_a
General Books
942
_2
ddc
_c
BK
999
_c
6722
_d
6722